[Event "Ottawa RA Fall op"]
[Site "Ottawa CAN"]
[Date "2025.09.26"]
[Round "1.6"]
[White "Hughes-Dupuy, Henry"]
[Black "Voloaca, Mihnea"]
[Result "0-1"]
[WhiteElo "1953"]
[BlackElo "2275"]
[WhiteFideId "-1"]
[WhiteFideId "-1"]
[PlyCount "106"]
[GameId "2227391115055541"]
[EventDate "2025.09.26"]
[EventType "swiss"]
[EventRounds "5"]
[EventCountry "CAN"]

1. e4 c5 2. Nf3 d6 3. d4 cxd4 4. Nxd4 Nf6 5. Nc3 a6 6. Bg5 e6 7. f4 h6 8. Bh4 Be7 9. Qf3 Qc7 10. O-O-O Nxe4 11. Qxe4 Bxh4 12. Ndb5 axb5 13. Nxb5 Qd7 14. Nxd6+ Kf8 15. Nf5 Qxd1+ 16. Kxd1 exf5 17. Qc4 Nc6 18. g3 Be6 19. Qb5 Bd5 20. Rg1 Be7 21. Bd3 Nb4 22. a3 Bf3+ 23. Be2 Rd8+ 24. Kc1 Bxe2 25. Qxe2 Nc6 26. Re1 g6 27. Qb5 Rb8 28. Rd1 Kg7 29. Rd7 Bf6 30. Rxb7 Nd4 31. Rxb8 Nxb5 32. Rxb5 Re8 33. Kd2 Rd8+ 34. Ke2 Re8+ 35. Kd2 Bd4 36. h3 Be3+ 37. Kd1 h5 38. Rd5 Bf2 39. Rd3 Re1+ 40. Kd2 Rg1 41. c4 Bxg3 42. Rf3 Kf6 43. b4 Ke6 44. Kc2 h4 45. Kc3 Kd6 46. Rd3+ Kc7 47. Kd4 Bxf4 48. Kc5 Rg3 49. Rd1 Rxa3 50. b5 Be3+ 51. Kd5 Kb6 52. Kd6 Bc5+ 53. Kd5 f4 0-1

[Event "Ottawa RA Fall op"]
[Site "Ottawa CAN"]
[Date "2025.09.26"]
[Round "1.7"]
[White "Wiebe, Isaac"]
[Black "Filion, Samuel"]
[Result "1/2-1/2"]
[WhiteElo "2266"]
[BlackElo "1934"]
[WhiteFideId "-1"]
[WhiteFideId "-1"]
[PlyCount "102"]
[GameId "2227391115096504"]
[EventDate "2025.09.26"]
[EventType "swiss"]
[EventRounds "5"]
[EventCountry "CAN"]

1. Nf3 e6 2. c4 d5 3. e3 Nf6 4. Nc3 Be7 5. b3 c5 6. cxd5 Nxd5 7. Nxd5 exd5 8. d4 Bf6 9. Bb5+ Bd7 10. Bxd7+ Nxd7 11. O-O O-O 12. Bb2 Rc8 13. Qd2 c4 14. Rac1 b5 15. Ba3 Re8 16. Bb4 Qb6 17. Rb1 Bd8 18. bxc4 dxc4 19. a4 a5 20. Bc5 Nxc5 21. dxc5 Rxc5 22. axb5 Bf6 23. Nd4 Rd8 24. Qb2 Rcd5 25. Rfe1 h6 26. h3 Bxd4 27. exd4 Rxd4 28. Qc3 Rd2 29. Rf1 Qd4 30. Qxd4 R2xd4 31. Rfc1 Rb8 32. Rc3 Rd5 33. Rxc4 Rbxb5 34. Rxb5 Rxb5 35. Rc8+ Kh7 36. Ra8 Rb1+ 37. Kh2 Ra1 38. h4 Ra4 39. g3 g6 40. Kg2 Ra3 41. g4 Kg7 42. Ra6 Ra4 43. Kg3 Ra3+ 44. Kg2 Ra1 45. Kg3 a4 46. Kg2 Kf8 47. Ra7 Ra2 48. Kg3 a3 49. Kg2 Ra1 50. Kh2 Ke8 51. Kg2 Kf8 1/2-1/2

[Event "Ottawa RA Fall op"]
[Site "Ottawa CAN"]
[Date "2025.09.26"]
[Round "1.8"]
[White "Tan, Shuwen"]
[Black "Lattafi, Youcef"]
[Result "0-1"]
[WhiteElo "1915"]
[BlackElo "2226"]
[WhiteFideId "-1"]
[WhiteFideId "-1"]
[PlyCount "66"]
[GameId "2227391112847793"]
[EventDate "2025.09.26"]
[EventType "swiss"]
[EventRounds "5"]
[EventCountry "CAN"]

1. Nf3 d5 2. g3 c5 3. Bg2 g6 4. c4 dxc4 5. Qa4+ Nd7 6. Nc3 Bg7 7. Qxc4 a6 8. d3 Nh6 9. h4 b5 10. Qb3 Bb7 11. Bxh6 Bxh6 12. Rd1 O-O 13. h5 Bg7 14. Nh4 Bxg2 15. Nxg2 Ne5 16. hxg6 hxg6 17. Ne4 Qa5+ 18. Kf1 c4 19. Qa3 Qxa3 20. bxa3 cxd3 21. exd3 Rac8 22. Ne3 Rfd8 23. Ke2 Nc6 24. Rc1 Bb2 25. Rb1 Nd4+ 26. Kd2 Bxa3 27. f4 a5 28. g4 Bb4+ 29. Kd1 Ne6 30. a3 Rxd3+ 31. Ke2 Nxf4+ 32. Kf3 Nd5 33. axb4 Rxe3+ 0-1

[Event "Ottawa RA Fall op"]
[Site "Ottawa CAN"]
[Date "2025.09.26"]
[Round "1.9"]
[White "Nassar, Marc"]
[Black "Thompson, Francis"]
[Result "1-0"]
[WhiteElo "2225"]
[BlackElo "1898"]
[WhiteFideId "-1"]
[WhiteFideId "-1"]
[PlyCount "106"]
[GameId "2227391115096503"]
[EventDate "2025.09.26"]
[EventType "swiss"]
[EventRounds "5"]
[EventCountry "CAN"]

1. e4 c5 2. d4 cxd4 3. c3 dxc3 4. Nxc3 Nc6 5. Nf3 e6 6. Bc4 Nf6 7. e5 d5 8. exd6 Qxd6 9. Qe2 a6 10. O-O Be7 11. Rd1 Qc7 12. Bg5 O-O 13. Rac1 Rd8 14. Bd3 Ne8 15. Be3 Qa5 16. Nd2 g6 17. Nc4 Qh5 18. Qe1 Bg5 19. Nb6 Rb8 20. Ne4 Bxe3 21. Qxe3 e5 22. Ng3 Qh4 23. Bc4 Be6 24. Bxe6 fxe6 25. Nd7 Rbc8 26. Nxe5 Nxe5 27. Qxe5 Qf6 28. Qe2 Rxc1 29. Rxc1 Kg7 30. Rc3 Rd7 31. Rf3 Qe7 32. Qe5+ Kg8 33. h3 Rd1+ 34. Kh2 Rd5 35. Qf4 Kg7 36. Qc4 Nd6 37. Qc3+ e5 38. Qb3 Rb5 39. Qa3 Nc8 40. Qc3 Nd6 41. a4 Rb6 42. Re3 Nf7 43. Re4 Re6 44. Rg4 Kh8 45. Qc8+ Nd8 46. Rc4 Rc6 47. Rxc6 bxc6 48. Qxa6 Qb7 49. Qa5 Nf7 50. b4 Kg7 51. Qc5 Kf6 52. Ne4+ Kg7 53. Nd6 Qe7 1-0

[Event "Ottawa RA Fall op"]
[Site "Ottawa CAN"]
[Date "2025.09.26"]
[Round "1.10"]
[White "Fischer, Jacob"]
[Black "Iordanescu, Victor Nicolae"]
[Result "1-0"]
[WhiteElo "1861"]
[BlackElo "2213"]
[WhiteFideId "-1"]
[WhiteFideId "-1"]
[PlyCount "109"]
[GameId "2227391115055542"]
[EventDate "2025.09.26"]
[EventType "swiss"]
[EventRounds "5"]
[EventCountry "CAN"]

1. d4 Nf6 2. c4 e6 3. Nc3 Bb4 4. Nf3 h6 5. Qc2 c5 6. e3 O-O 7. Bd3 b6 8. O-O Bb7 9. e4 cxd4 10. Nxd4 d6 11. Bd2 Nbd7 12. a3 Bxc3 13. Bxc3 Ne5 14. f3 Rc8 15. b3 a6 16. Qd2 Qc7 17. Rac1 Rfd8 18. Bb1 Ned7 19. Qb2 Nc5 20. Ne2 e5 21. Rfd1 h5 22. Ng3 g6 23. h4 Qe7 24. Be1 Ne6 25. Nf1 Kg7 26. Ne3 a5 27. b4 axb4 28. Qxb4 Qc7 29. Bf2 Nc5 30. Ba2 Bc6 31. Nd5 Bxd5 32. cxd5 Ra8 33. Bc4 Ra4 34. Qb2 Rda8 35. Rc3 Qa7 36. Ra1 Qc7 37. Bb5 R4a5 38. a4 Rc8 39. Rac1 Qa7 40. Qb4 Rb8 41. R3c2 Kg8 42. Rc3 Qc7 43. Bc6 Qa7 44. Be3 Nxa4 45. Bxa4 Rxa4 46. Qxd6 Ne8 47. Qxe5 Ra1 48. Bd4 f6 49. Qe6+ Kg7 50. e5 f5 51. Qd7+ Qxd7 52. e6+ Kf8 53. exd7 Rxc1+ 54. Rxc1 Nd6 55. Bf6 1-0

[Event "Ottawa RA Fall op"]
[Site "Ottawa CAN"]
[Date "2025.09.27"]
[Round "2.1"]
[White "Nassar, Marc"]
[Black "Chiku-Ratte, Olivier-Kenta"]
[Result "0-1"]
[WhiteElo "2225"]
[BlackElo "2455"]
[WhiteFideId "-1"]
[WhiteFideId "-1"]
[PlyCount "50"]
[GameId "2227391115096505"]
[EventDate "2025.09.26"]
[EventType "swiss"]
[EventRounds "5"]
[EventCountry "CAN"]

1. e4 e5 2. f4 exf4 3. Nf3 Nf6 4. e5 Nh5 5. d4 d5 6. c4 g5 7. g4 Ng7 8. h4 Bxg4 9. hxg5 dxc4 10. Bxf4 Qd5 11. Kf2 Bxf3 12. Qxf3 Qxd4+ 13. Be3 Qxe5 14. Qxb7 Bc5 15. Rh3 O-O 16. Bxc4 Nf5 17. Qxa8 Nxe3 18. Bd3 Qxb2+ 19. Be2 Qxa1 20. Qe4 Nf5+ 21. Kg2 Qd4 22. Qxf5 Qg1+ 23. Kf3 Qe3+ 24. Kg4 Qxe2+ 25. Kg3 Bd6+ 0-1

[Event "Ottawa RA Fall op"]
[Site "Ottawa CAN"]
[Date "2025.09.27"]
[Round "2.2"]
[White "Azar, Sebastien"]
[Black "Lai, Duc Minh"]
[Result "1-0"]
[WhiteElo "2206"]
[BlackElo "2374"]
[WhiteFideId "-1"]
[WhiteFideId "-1"]
[PlyCount "151"]
[GameId "2227391115239867"]
[EventDate "2025.09.26"]
[EventType "swiss"]
[EventRounds "5"]
[EventCountry "CAN"]

1. e4 c5 2. Nf3 Nc6 3. d4 cxd4 4. Nxd4 Nf6 5. Nc3 g6 6. Nxc6 dxc6 7. Qxd8+ Kxd8 8. a4 Be6 9. f3 h5 10. Be3 Bh6 11. Bf2 Nd7 12. Be2 f6 13. a5 Bf7 14. O-O Kc7 15. Na4 Rhd8 16. Rfd1 Bf4 17. b4 Bd6 18. b5 c5 19. Rab1 b6 20. a6 g5 21. g3 Ne5 22. Nb2 Rg8 23. Be3 Raf8 24. Kf2 Be6 25. Ke1 Kc8 26. Kd2 Bc7 27. Rf1 Rd8+ 28. Ke1 Bd6 29. f4 gxf4 30. gxf4 Ng4 31. Bg1 h4 32. Bc4 Bxc4 33. Nxc4 Bc7 34. Ke2 Nh6 35. Ne3 Rd4 36. Kf3 e6 37. Rbd1 Rb4 38. Rb1 Rd4 39. Rbd1 Rgd8 40. Rxd4 Rxd4 41. Bf2 Rb4 42. c4 h3 43. Rg1 Nf7 44. Bh4 Rb2 45. Bxf6 Rxh2 46. Rg8+ Kd7 47. Rg7 Ke8 48. Rg8+ Kd7 49. e5 Rh1 50. Rg7 Ke8 51. Rg8+ Kd7 52. Rg7 Ke8 53. Rh7 Kf8 54. Ng4 Kg8 55. Rh4 Rc1 56. Ne3 Rh1 57. Kg3 Re1 58. Kf2 Rh1 59. Kg3 Re1 60. Ng4 Re4 61. Nh6+ Nxh6 62. Rxh6 Rxc4 63. Kxh3 Rxf4 64. Rh8+ Kf7 65. Rh7+ Kg6 66. Rxc7 Rb4 67. Rxa7 Rxb5 68. Rg7+ Kf5 69. Rg5+ Ke4 70. Rg4+ Kf3 71. Ra4 Rb1 72. Ra3+ Kf2 73. Bh4+ Ke2 74. a7 Rh1+ 75. Kg4 Rg1+ 76. Bg3 1-0

[Event "Ottawa RA Fall op"]
[Site "Ottawa CAN"]
[Date "2025.09.27"]
[Round "2.3"]
[White "Mahdjoubi, Abdelaziz"]
[Black "Adam, Rafael"]
[Result "0-1"]
[WhiteElo "1806"]
[BlackElo "2290"]
[WhiteFideId "-1"]
[WhiteFideId "-1"]
[PlyCount "54"]
[GameId "2227391115436482"]
[EventDate "2025.09.26"]
[EventType "swiss"]
[EventRounds "5"]
[EventCountry "CAN"]

1. d4 c5 2. d5 Nf6 3. c4 e6 4. Nc3 exd5 5. cxd5 d6 6. e4 g6 7. Bg5 Bg7 8. Qf3 O-O 9. Bd3 h6 10. Bh4 Re8 11. Nge2 Nbd7 12. Qe3 a6 13. f4 b5 14. O-O b4 15. Nd1 Nxd5 16. Qg3 N5f6 17. Bxf6 Qxf6 18. e5 dxe5 19. fxe5 Qe7 20. e6 Qxe6 21. Nf4 Qd6 22. Qf3 Rb8 23. Bc2 Bb7 24. Qb3 Qd4+ 25. Kh1 Qxf4 26. Nc3 c4 27. Qa4 Qg4 0-1

[Event "Ottawa RA Fall op"]
[Site "Ottawa CAN"]
[Date "2025.09.27"]
[Round "2.4"]
[White "Voloaca, Mihnea"]
[Black "Rousskikh, Maxim"]
[Result "1-0"]
[WhiteElo "2275"]
[BlackElo "2207"]
[WhiteFideId "-1"]
[WhiteFideId "-1"]
[PlyCount "71"]
[GameId "2227391115239870"]
[EventDate "2025.09.26"]
[EventType "swiss"]
[EventRounds "5"]
[EventCountry "CAN"]

1. c4 c6 2. Nf3 Nf6 3. g3 d5 4. Bg2 Bf5 5. Qb3 Qc8 6. d3 e6 7. Nh4 Bg4 8. h3 Bh5 9. g4 Bg6 10. Bf4 Nbd7 11. Nxg6 hxg6 12. Nc3 Nc5 13. Qc2 a5 14. d4 Na6 15. c5 Be7 16. O-O Nd7 17. e4 O-O 18. Rac1 f5 19. exf5 gxf5 20. Qe2 e5 21. dxe5 Ndxc5 22. g5 Ne6 23. Nxd5 Nxf4 24. Nxe7+ Kf7 25. Qc4+ Kxe7 26. Qxf4 Qe6 27. Rcd1 Rad8 28. a3 Nc5 29. Qe3 Na4 30. Rd6 Rxd6 31. exd6+ Kd7 32. Qf4 Qb3 33. Re1 Rf7 34. g6 Rf6 35. Re7+ Kd8 36. Rxg7 1-0

[Event "Ottawa RA Fall op"]
[Site "Ottawa CAN"]
[Date "2025.09.27"]
[Round "2.5"]
[White "Lattafi, Youcef"]
[Black "Fischer, Jacob"]
[Result "0-1"]
[WhiteElo "2226"]
[BlackElo "1861"]
[WhiteFideId "-1"]
[WhiteFideId "-1"]
[PlyCount "58"]
[GameId "2227391115239871"]
[EventDate "2025.09.26"]
[EventType "swiss"]
[EventRounds "5"]
[EventCountry "CAN"]

1. e4 e5 2. Nf3 Nf6 3. d4 Nxe4 4. Bd3 d5 5. Nxe5 Bd6 6. O-O O-O 7. c4 c6 8. Qh5 f5 9. Nc3 Be6 10. cxd5 cxd5 11. Ne2 Nc6 12. Nf3 Nf6 13. Qh3 Qc8 14. Bf4 Bb8 15. Rac1 Qd7 16. Bxb8 Raxb8 17. Nf4 Ne4 18. Bxe4 fxe4 19. Nxe6 Rf6 20. Nfg5 h6 21. Nc5 Qd6 22. Nge6 Re8 23. Nxg7 Kxg7 24. Nxb7 Qe7 25. Qh5 e3 26. fxe3 Qxe3+ 27. Kh1 Ref8 28. Qg4+ Kh8 29. Rg1 Qxc1 0-1

[Event "Ottawa RA Fall op"]
[Site "Ottawa CAN"]
[Date "2025.09.27"]
[Round "2.6"]
[White "Latorre, Vincent"]
[Black "Vu, Huy Minh"]
[Result "0-1"]
[WhiteElo "2443"]
[BlackElo "2039"]
[WhiteFideId "-1"]
[WhiteFideId "-1"]
[PlyCount "56"]
[GameId "2227391115239869"]
[EventDate "2025.09.26"]
[EventType "swiss"]
[EventRounds "5"]
[EventCountry "CAN"]

1. e4 e5 2. Nf3 Nf6 3. d4 exd4 4. e5 Ne4 5. Qxd4 d5 6. exd6 Nxd6 7. c4 Nc6 8. Qd1 Be6 9. Qa4 Qe7 10. Be3 Nf5 11. Nc3 O-O-O 12. Be2 Nxe3 13. fxe3 Qc5 14. Kf2 f5 15. Nd5 Bxd5 16. cxd5 Rxd5 17. Rac1 Qb4 18. Qxb4 Nxb4 19. Nd4 f4 20. a3 fxe3+ 21. Kxe3 Re5+ 22. Kf2 Nd5 23. Rhd1 Nf6 24. b4 a6 25. Bf3 g5 26. Re1 Bd6 27. h3 h5 28. Rxe5 Z0 0-1

[Event "Ottawa RA Fall op"]
[Site "Ottawa CAN"]
[Date "2025.09.27"]
[Round "2.7"]
[White "Sun, Jonathan"]
[Black "Wiebe, Isaac"]
[Result "1-0"]
[WhiteElo "2014"]
[BlackElo "2266"]
[WhiteFideId "-1"]
[WhiteFideId "-1"]
[PlyCount "59"]
[GameId "2227391115243968"]
[EventDate "2025.09.26"]
[EventType "swiss"]
[EventRounds "5"]
[EventCountry "CAN"]

1. e4 e5 2. Bc4 Nf6 3. d4 exd4 4. Nf3 Nc6 5. e5 d5 6. Bb5 Ne4 7. Nxd4 Bd7 8. Bxc6 bxc6 9. O-O Be7 10. f3 Ng5 11. f4 Ne4 12. Be3 O-O 13. Nd2 Nxd2 14. Qxd2 c5 15. Ne2 Bc6 16. c3 f6 17. Ng3 fxe5 18. fxe5 Qd7 19. Bg5 Rae8 20. Rae1 Rxf1+ 21. Rxf1 Bf8 22. Qf2 Bb5 23. Re1 Bd3 24. Qe3 Qb5 25. e6 Bd6 26. Qf3 Bg6 27. Qxd5 Qxb2 28. Rf1 Qxc3 29. e7+ Kh8 30. Qxd6 1-0

[Event "Ottawa RA Fall op"]
[Site "Ottawa CAN"]
[Date "2025.09.27"]
[Round "2.9"]
[White "Filion, Samuel"]
[Black "Moses, Neil"]
[Result "0-1"]
[WhiteElo "1934"]
[BlackElo "2368"]
[WhiteFideId "-1"]
[WhiteFideId "-1"]
[PlyCount "122"]
[GameId "2227391115239868"]
[EventDate "2025.09.26"]
[EventType "swiss"]
[EventRounds "5"]
[EventCountry "CAN"]

1. Nf3 c5 2. g3 Nf6 3. Bg2 Nc6 4. c4 g6 5. Nc3 Bg7 6. O-O O-O 7. d4 cxd4 8. Nxd4 Nxd4 9. Qxd4 d6 10. Qd2 Rb8 11. b3 Bd7 12. Bb2 Bc6 13. e4 a5 14. Nd5 Bxd5 15. cxd5 Nd7 16. Bxg7 Kxg7 17. f4 b5 18. Qd4+ f6 19. Bh3 Nc5 20. e5 Qb6 21. exf6+ exf6 22. Rfe1 Rbe8 23. Re3 Rxe3 24. Qxe3 Qb7 25. Bg2 Qd7 26. Re1 Kf7 27. Bh3 Qxh3 28. Qe7+ Kg8 29. Qxd6 Nd7 30. Re6 Rf7 31. Re8+ Kg7 32. Qe6 Qf5 33. Qxf5 gxf5 34. Ra8 Nb6 35. Rxa5 Nxd5 36. Rxb5 Nc3 37. Ra5 Rd7 38. a3 Rd1+ 39. Kg2 Rd2+ 40. Kg1 Rb2 41. b4 Kg6 42. Ra8 Nb1 43. Rg8+ Kf7 44. Ra8 Rb3 45. Ra7+ Kg6 46. Kg2 Nxa3 47. h4 h5 48. Ra8 Nc2 49. Rg8+ Kh7 50. Rf8 Kg7 51. Rc8 Ne3+ 52. Kf2 Ng4+ 53. Kg2 Rb2+ 54. Kg1 Rxb4 55. Rc7+ Kg6 56. Rc3 Rb2 57. Rf3 Ra2 58. Rc3 Nf2 59. Rf3 Ne4 60. Re3 Rc2 61. Rd3 Nc3 0-1

[Event "Ottawa RA Fall op"]
[Site "Ottawa CAN"]
[Date "2025.09.27"]
[Round "2.10"]
[White "Iordanescu, Victor Nicolae"]
[Black "Hughes-Dupuy, Henry"]
[Result "1-0"]
[WhiteElo "2213"]
[BlackElo "1953"]
[WhiteFideId "-1"]
[WhiteFideId "-1"]
[PlyCount "39"]
[GameId "2227391115440579"]
[EventDate "2025.09.26"]
[EventType "swiss"]
[EventRounds "5"]
[EventCountry "CAN"]

1. Nf3 Nf6 2. g3 g6 3. d4 Bg7 4. Bg2 O-O 5. O-O d6 6. c4 c5 7. Nc3 Nbd7 8. d5 a6 9. a4 b6 10. h3 Rb8 11. Nd2 Qc7 12. e4 e6 13. f4 exd5 14. exd5 Re8 15. g4 Nf8 16. Kh2 h6 17. Ra3 Qe7 18. Nf3 Ne4 19. Nxe4 Qxe4 20. Re1 1-0

[Event "Ottawa RA Fall op"]
[Site "Ottawa CAN"]
[Date "2025.09.27"]
[Round "3.1"]
[White "Chiku-Ratte, Olivier-Kenta"]
[Black "Voloaca, Mihnea"]
[Result "1-0"]
[WhiteElo "2455"]
[BlackElo "2275"]
[WhiteFideId "-1"]
[WhiteFideId "-1"]
[PlyCount "84"]
[GameId "2227178278330592"]
[EventDate "2025.09.26"]
[EventType "swiss"]
[EventRounds "5"]
[EventCountry "CAN"]

1. d4 Nf6 2. c4 e6 3. Nc3 Bb4 4. f3 d5 5. a3 Be7 6. e4 dxe4 7. fxe4 e5 8. d5 Bc5 9. Nf3 a5 10. Rb1 Qe7 11. Bg5 O-O 12. Bd3 h6 13. Bh4 Nbd7 14. Qd2 Re8 15. Nb5 Qd8 16. b4 axb4 17. axb4 Be7 18. Bf2 c6 19. Nc3 Bf8 20. dxc6 bxc6 21. c5 g6 22. O-O Ng4 23. Bh4 g5 24. Bg3 Ngf6 25. Bc4 Qe7 26. Kh1 Nh5 27. Bxe5 Nxe5 28. Nxe5 Qxe5 29. Bxf7+ Kg7 30. Bxh5 Re7 31. Qd6 Ba6 32. Rf7+ Kh8 33. Qxc6 Bb7 34. Rxe7 Qxe7 35. Qb5 Bg7 36. Qc4 Qe5 37. c6 Bc8 38. Nd5 Ra1 39. Qf1 Ba6 40. Rxa1 Bxf1 41. Rxf1 Qxe4 42. c7 Qc4 1-0

[Event "Ottawa RA Fall op"]
[Site "Ottawa CAN"]
[Date "2025.09.27"]
[Round "3.2"]
[White "Adam, Rafael"]
[Black "Azar, Sebastien"]
[Result "1/2-1/2"]
[WhiteElo "2290"]
[BlackElo "2206"]
[WhiteFideId "-1"]
[WhiteFideId "-1"]
[PlyCount "154"]
[GameId "2227180126687553"]
[EventDate "2025.09.26"]
[EventType "swiss"]
[EventRounds "5"]
[EventCountry "CAN"]

1. d4 Nf6 2. Bf4 d5 3. e3 e6 4. Nf3 c5 5. a3 cxd4 6. exd4 a6 7. Nbd2 Bd6 8. Ne5 O-O 9. Bd3 Nc6 10. Ndf3 Qc7 11. Qe2 Ne7 12. h4 Nf5 13. c3 h5 14. Ng5 g6 15. f3 Kg7 16. g4 Ne7 17. Nh3 Rh8 18. Ng5 Rf8 19. Rg1 b5 20. Kf2 Bd7 21. Nxd7 Nxd7 22. Bxd6 Qxd6 23. Rg2 Rh8 24. Rh1 Rh6 25. Qe3 Rah8 26. gxh5 Rxh5 27. Rg4 Nf5 28. Bxf5 exf5 29. Rg2 Nf6 30. Qe5 Qd7 31. Qf4 Re8 32. Re1 Rhh8 33. Rgg1 Nh5 34. Qh2 f4 35. Qh3 Qd6 36. Qg4 Re7 37. Rxe7 Qxe7 38. Re1 Qc7 39. Re5 Qb7 40. Nh3 a5 41. Nxf4 Nxf4 42. Qxf4 b4 43. axb4 axb4 44. cxb4 Qxb4 45. Re2 Rh5 46. Kg3 Rf5 47. Qd2 Qb8+ 48. f4 Qb3+ 49. Re3 Qb5 50. Qe2 Qb6 51. Qd2 Qb5 52. Re5 Rf6 53. Qe2 Qb3+ 54. Kg4 Qb7 55. Re7 Qc8+ 56. Kg3 Qc1 57. Qf2 Rb6 58. Re2 Rb3+ 59. Kg2 Qb1 60. Rc2 Qd1 61. Rc3 Rb4 62. Kh2 Rxd4 63. Rc1 Qd3 64. Rc3 Qe4 65. Kg3 Rd1 66. Rf3 d4 67. f5 gxf5 68. Rxf5 Rd3+ 69. Kh2 Qe6 70. Qg2+ Kf8 71. Qa8+ Qe8 72. Qxe8+ Kxe8 73. Rd5 Ke7 74. h5 Kf6 75. b4 Kg7 76. Kg2 Kh6 77. Kf2 Rb3 1/2-1/2

[Event "Ottawa RA Fall op"]
[Site "Ottawa CAN"]
[Date "2025.09.27"]
[Round "3.3"]
[White "Fischer, Jacob"]
[Black "Sun, Jonathan"]
[Result "0-1"]
[WhiteElo "1861"]
[BlackElo "2014"]
[WhiteFideId "-1"]
[WhiteFideId "-1"]
[PlyCount "64"]
[GameId "2227391115444681"]
[EventDate "2025.09.26"]
[EventType "swiss"]
[EventRounds "5"]
[EventCountry "CAN"]

1. d4 Nf6 2. c4 g6 3. Nc3 Bg7 4. Nf3 O-O 5. e4 d6 6. Be2 e5 7. h3 exd4 8. Nxd4 Re8 9. Bg5 Nbd7 10. Qd2 h6 11. Bxh6 Bxh6 12. Qxh6 Nxe4 13. O-O Nxc3 14. bxc3 c5 15. f4 Qe7 16. Nb5 Qxe2 17. Nc7 Rb8 18. Nxe8 Qxe8 19. Rae1 Qf8 20. Qg5 Kg7 21. f5 Ne5 22. Rxe5 dxe5 23. fxg6 f6 24. Qg3 Be6 25. h4 Qe7 26. h5 Rh8 27. Qh4 b6 28. Rf2 Qd8 29. a3 a6 30. g4 Bxc4 31. Kh2 Be6 32. Kg1 b5 0-1

[Event "Ottawa RA Fall op"]
[Site "Ottawa CAN"]
[Date "2025.09.27"]
[Round "3.4"]
[White "Vu, Huy Minh"]
[Black "Pelev, Iassen"]
[Result "0-1"]
[WhiteElo "2039"]
[BlackElo "2068"]
[WhiteFideId "-1"]
[WhiteFideId "-1"]
[PlyCount "152"]
[GameId "2227391115440582"]
[EventDate "2025.09.26"]
[EventType "swiss"]
[EventRounds "5"]
[EventCountry "CAN"]

1. c4 Nf6 2. Nf3 g6 3. d4 Bg7 4. Nc3 O-O 5. e4 d6 6. Be2 e5 7. O-O Nc6 8. d5 Ne7 9. h3 Ne8 10. Bd3 f5 11. Rb1 f4 12. b4 h6 13. c5 g5 14. Nh2 Ng6 15. Be2 Nf6 16. Ng4 Nd7 17. c6 bxc6 18. dxc6 Nb6 19. a4 a5 20. bxa5 Rxa5 21. Rb5 Rxb5 22. Bxb5 f3 23. Nh2 fxg2 24. Re1 Qf6 25. Qe2 Nf4 26. Bxf4 exf4 27. Nd5 Nxd5 28. exd5 Bxh3 29. Bd3 Qc3 30. Rd1 Rb8 31. Ng4 Kf8 32. Nxh6 Re8 33. Be4 f3 34. Qxf3+ Qxf3 35. Bxf3 Bxh6 36. Bxg2 Bxg2 37. Kxg2 Ra8 38. Rb1 Ke7 39. Rb7 Kd8 40. Rb4 Bg7 41. Kh3 Bc3 42. Rg4 Bd2 43. Rd4 Bf4 44. Rb4 Ke7 45. Rb7 Rxa4 46. Rxc7+ Kf6 47. Rc8 Rc4 48. Re8 Be5 49. f3 Rc2 50. Rf8+ Kg6 51. Rg8+ Kh5 52. f4 Bxf4 53. Rh8+ Kg6 54. Kg4 Rc3 55. Rg8+ Kf7 56. Rd8 Kf6 57. Re8 Rg3+ 58. Kh5 Rc3 59. Kg4 Rc4 60. Re6+ Kf7 61. Rh6 Bd2+ 62. Kg3 Bc3 63. Kg2 Be5 64. Rh7+ Kg6 65. Rd7 g4 66. Rd8 Rc2+ 67. Kg1 g3 68. Rg8+ Kf5 69. c7 Rxc7 70. Kg2 Ke4 71. Rg4+ Bf4 72. Rg8 Rc2+ 73. Kh3 Rh2+ 74. Kg4 g2 75. Re8+ Be5 76. Rxe5+ dxe5 0-1

[Event "Ottawa RA Fall op"]
[Site "Ottawa CAN"]
[Date "2025.09.27"]
[Round "3.5"]
[White "Lai, Duc Minh"]
[Black "Kellar, Ben"]
[Result "1-0"]
[WhiteElo "2374"]
[BlackElo "2013"]
[WhiteFideId "-1"]
[WhiteFideId "-1"]
[PlyCount "67"]
[GameId "2227391115440584"]
[EventDate "2025.09.26"]
[EventType "swiss"]
[EventRounds "5"]
[EventCountry "CAN"]

1. c4 c6 2. Nf3 Nf6 3. Nc3 d5 4. e3 g6 5. d4 Bg7 6. Be2 O-O 7. O-O a6 8. c5 Nbd7 9. b4 Re8 10. a4 e5 11. Bb2 exd4 12. exd4 Ne4 13. Re1 Ndf6 14. Ne5 Nxc3 15. Bxc3 Ne4 16. Bb2 Bxe5 17. dxe5 Qg5 18. Bd4 Qd2 19. b5 h5 20. bxc6 bxc6 21. Rb1 Qa5 22. Qc2 Bf5 23. Bd3 Rab8 24. f3 Nd2 25. Rbd1 Nb3 26. Bf2 Bxd3 27. Rxd3 Qxa4 28. f4 Rb5 29. Rc3 a5 30. f5 g5 31. f6 Re6 32. Rg3 Nxc5 33. Rxg5+ Kf8 34. Qh7 1-0

[Event "Ottawa RA Fall op"]
[Site "Ottawa CAN"]
[Date "2025.09.27"]
[Round "3.6"]
[White "Moses, Neil"]
[Black "Iordanescu, Victor Nicolae"]
[Result "1-0"]
[WhiteElo "2368"]
[BlackElo "2213"]
[WhiteFideId "-1"]
[WhiteFideId "-1"]
[PlyCount "57"]
[GameId "2227391115440583"]
[EventDate "2025.09.26"]
[EventType "swiss"]
[EventRounds "5"]
[EventCountry "CAN"]

1. e4 c5 2. Nf3 d6 3. d4 cxd4 4. Nxd4 e5 5. Nf3 Nc6 6. Nc3 Nf6 7. Bc4 Be7 8. O-O O-O 9. h3 Be6 10. Bb3 a6 11. Bg5 Na5 12. Qd3 Qc7 13. Bxf6 Bxf6 14. Nd5 Bxd5 15. Bxd5 Rac8 16. c3 Be7 17. Nd2 Bg5 18. Nf3 Be7 19. Rac1 b5 20. b3 h6 21. Rfd1 Rfd8 22. g3 g6 23. h4 h5 24. Nh2 Kg7 25. Nf1 Bf8 26. Qf3 Qd7 27. Ne3 Kg8 28. Qf6 Kh7 29. Bxf7 1-0

[Event "Ottawa RA Fall op"]
[Site "Ottawa CAN"]
[Date "2025.09.27"]
[Round "3.7"]
[White "Berube, Maximilien"]
[Black "Lattafi, Youcef"]
[Result "1-0"]
[WhiteElo "2117"]
[BlackElo "2226"]
[WhiteFideId "-1"]
[WhiteFideId "-1"]
[PlyCount "111"]
[GameId "2227391115440580"]
[EventDate "2025.09.26"]
[EventType "swiss"]
[EventRounds "5"]
[EventCountry "CAN"]

1. Nf3 d5 2. d4 Nf6 3. c4 e6 4. g3 Bb4+ 5. Nbd2 O-O 6. Bg2 b6 7. O-O Bb7 8. b3 Qe7 9. Bb2 c5 10. Rc1 Rd8 11. Qc2 Bxd2 12. Nxd2 cxd4 13. Bxd4 e5 14. Bb2 d4 15. Ne4 Nbd7 16. Nxf6+ Nxf6 17. Bxb7 Qxb7 18. Qf5 Qe4 19. Qxe4 Nxe4 20. f4 f6 21. fxe5 fxe5 22. Rcd1 Rf8 23. Rf3 Rf6 24. Kg2 Raf8 25. Ba3 R8f7 26. Rdd3 Nc3 27. Rxf6 Rxf6 28. e3 Ne4 29. exd4 Rf2+ 30. Kg1 Rxa2 31. Bb4 exd4 32. Rxd4 Ng5 33. Rd8+ Kf7 34. Rd7+ Kg6 35. Bc3 Nf3+ 36. Kf1 Nxh2+ 37. Ke1 Kf5 38. Kd1 g5 39. Rxh7 Ng4 40. Kc1 Ne3 41. Kb1 Ra6 42. Bd2 Kg6 43. Rh8 Nf1 44. Be1 Ra3 45. Kb2 Ra6 46. g4 Kg7 47. Bc3+ Kf7 48. Rh3 Kg6 49. Rf3 Nh2 50. Rf6+ Kh7 51. Rf7+ Kg6 52. Rf6+ Kh7 53. c5 Nxg4 54. c6 Nxf6 55. c7 b5 56. c8=Q 1-0